Blauer Ballon - Berq - Statistiken

Allgemein
  • Dieses Quiz wurde 88 mal gespielt
  • Das Durchschnittsergebnis liegt bei 116 aus 144
Antwortstatistiken
Antwort % Korrekt
Ballon
95%
Blau
95%
du
95%
ich
95%
Ich
95%
an
92%
auch
89%
Bist
89%
blauen
89%
dein
89%
„Dein
89%
hoff',
89%
Mama
89%
Nicht
89%
Schmerz
89%
vor,
89%
dich
86%
endlich
86%
fehlst
86%
im
86%
mir
86%
mit
86%
nur
86%
Und
86%
uns
86%
verließ
86%
vorbei
86%
angekommen?
84%
er
84%
Hallo
84%
in
84%
käm'
84%
könnt
84%
Lachen,
84%
liegt
84%
Streit
84%
unendlich
84%
Wie
84%
Brief
81%
der
81%
ich's
81%
da
78%
ihn
78%
machen,
78%
Stell'
78%
fest
76%
Florian“
76%
Ganz
76%
loslässt
76%
steht
76%
mein
73%
Morgentau
73%
nun
73%
Vorname
73%
während
73%
den
70%
ins
70%
lese
70%
schau'
70%
Statt
70%
auf
68%
durchnässt
68%
ihr
68%
Lesen
68%
letzten
68%
verschwommen
68%
zu
68%
Beim
65%
dass
65%
ei'm
65%
Gras
65%
niemals
65%
oben
65%
war
65%
Wolkengrau
65%
deinen
62%
Fall,
62%
Für
62%
Kleinkariert
62%
meine
62%
Tränen
62%
davon
59%
Brust
57%
mich
57%
schwerer
54%
setze
54%
Trägt
51%
Ohh,
46%
Keine übereinstimmenden Quizze gefunden
Verteilung der Resultate
Anzahl Personen mit jedem Resultat
Perzentil nach korrekt beantworteten Fragen
Ihre Resultats-Entwicklung
Sie haben dieses Quiz noch nicht gespielt